000 00420nam a2200169Ia 4500
003 LK-CoDNM
008 010623t1914 xxu||||| |||| 00| 1 sin d
040 _aLK-CoDNM
_dLK-CoDNM
_eLK-CoDNM
041 _asin
080 _a104 B 20
100 _aKanakaratna,A.D.S.
245 _aඔවා මුතුහර
246 _aOwa Muthuhara
260 _bSri Lankodaya
_aColombo
_c1914
300 _b7p, 21 cm
942 _cBK
999 _c88136
_d88136